000 00544nam a2200193Ia 4500
005 20260120131818.0
008 008 260114s9999 xx 000 0 eng d
020 _a9780197723272
037 _aEBOOK
040 _aCRL
_beng
_cCRL
041 _aeng
_2eng
084 _qCRL
100 _aWitt
_9931488
245 0 _aBlack Hunger Food and the Politics of US Identity
260 _bOxford University PressOxford University Press
_c2023
856 _uhttps://academic.oup.com/book/48541
942 _cEBOOK
999 _c1523410
_d1523410